[Event "Sliema XYChess"]
[Site "Sliema"]
[Date "2015.01.15"]
[Round "9"]
[White "Kirk, Ezra"]
[Black "Oliveira, Carlos Andre Ramalh"]
[Result "1-0"]
[WhiteElo "2316"]
[BlackElo "2075"]
[PlyCount "63"]
[EventDate "2015.01.09"]
[EventType "tourn"]
[EventRounds "9"]
[EventCountry "MLT"]
[EventCategory "3"]
[SourceTitle "CBM 164 Extra"]
[Source "ChessBase"]
[SourceDate "2015.03.02"]
[SourceVersion "1"]
[SourceVersionDate "2015.03.02"]
[SourceQuality "1"]

1. d4 d5 2. c4 c6 3. Nf3 e6 4. Nc3 Nf6 5. g3 Nbd7 6. Bg2 Be7 7. 0-0 0-0 8. Qd3 b6 9. e4 dxe4 10. Nxe4 Bb7 11. Nc3 c5 12. d5 exd5 13. cxd5 Ne8 14. Bf4 Bd6 15. Bg5 Qc8 16. Rfe1 f6 17. Be3 Ne5 18. Nxe5 Bxe5 19. f4 Bxc3 20. Qxc3 Qf5 21. Rad1 Nd6 22. b4 c4 23. Bc5 bxc5 24. bxc5 Nf7 25. Qxc4 Rae8 26. c6 Ba8 27. Rxe8 Rxe8 28. d6 Qa5 29. Bd5 Kf8 30. Bxf7 Qb6+ 31. Kf1 Re3 32. Bd5 1-0

[Event "Sliema XYChess"]
[Site "Sliema"]
[Date "2015.01.13"]
[Round "7"]
[White "Ahlander, Bjorn"]
[Black "Oliveira, Carlos Andre Ramalh"]
[Result "1-0"]
[WhiteElo "2406"]
[BlackElo "2075"]
[PlyCount "39"]
[EventDate "2015.01.09"]
[EventType "tourn"]
[EventRounds "9"]
[EventCountry "MLT"]
[EventCategory "3"]
[SourceTitle "CBM 164 Extra"]
[Source "ChessBase"]
[SourceDate "2015.03.02"]
[SourceVersion "1"]
[SourceVersionDate "2015.03.02"]
[SourceQuality "1"]

1. e4 c6 2. d4 d5 3. e5 g6 4. h4 h5 5. Nh3 Bxh3 6. Rxh3 e6 7. Bg5 Ne7 8. c4 dxc4 9. Nc3 Qb6 10. Bxc4 Nd7 11. Kf1 Nf5 12. d5 cxd5 13. Nxd5 exd5 14. Qxd5 Rh7 15. Bb5 f6 16. exf6 0-0-0 17. Bd3 Nd4 18. f7 Nf6 19. Rc1+ Kb8 20. Qe5+ 1-0

[Event "Sliema XYChess"]
[Site "Sliema"]
[Date "2015.01.12"]
[Round "5"]
[White "House, Glenn"]
[Black "Oliveira, Carlos Andre Ramalh"]
[Result "1/2-1/2"]
[WhiteElo "2230"]
[BlackElo "2075"]
[PlyCount "94"]
[EventDate "2015.01.09"]
[EventType "tourn"]
[EventRounds "9"]
[EventCountry "MLT"]
[EventCategory "3"]
[SourceTitle "CBM 164 Extra"]
[Source "ChessBase"]
[SourceDate "2015.03.02"]
[SourceVersion "1"]
[SourceVersionDate "2015.03.02"]
[SourceQuality "1"]

1. e4 c6 2. d3 d5 3. Nd2 g6 4. g3 Nf6 5. Ngf3 Bg7 6. Bg2 0-0 7. 0-0 h6 8. Qe2 dxe4 9. dxe4 Be6 10. h3 Qb6 11. Re1 a5 12. Bf1 a4 13. a3 c5 14. Nc4 Qa6 15. e5 Nfd7 16. c3 Nc6 17. Qe4 b5 18. Ne3 Ncxe5 19. Nxe5 Nxe5 20. f4 f5 21. Qg2 Nf7 22. Nd5 Bxd5 23. Qxd5 Qd6 24. Qxd6 Nxd6 25. Rxe7 Rae8 26. Rxe8 Rxe8 27. Bd2 c4 28. Rd1 Ne4 29. Be1 Bf8 30. Kg2 Kf7 31. Kf3 Bc5 32. Rd5 Ke6 33. Re5+ Kd7 34. Rxe8 Kxe8 35. g4 Kd7 36. Be2 Nd6 37. Bd1 Kc6 38. Be2 Bb6 39. Bh4 Nb7 40. gxf5 gxf5 41. Be1 Nc5 42. Bf2 Nd7 43. Be1 Nf6 44. Bd2 Nd5 45. Bd1 Nf6 46. Be2 Nd5 47. Bd1 Nf6 1/2-1/2

[Event "Golden Sands Europe op 1st"]
[Site "Golden Sands"]
[Date "2012.06.04"]
[Round "1"]
[White "Oliveira, Carlos Andre Ramalh"]
[Black "Berescu, Alin Mile"]
[Result "0-1"]
[WhiteElo "2123"]
[BlackElo "2516"]
[PlyCount "120"]
[EventDate "2012.06.04"]
[EventType "swiss"]
[EventRounds "9"]
[EventCountry "BUL"]
[SourceTitle "CBM 148 Extra"]
[Source "ChessBase"]
[SourceDate "2012.06.22"]
[SourceVersion "1"]
[SourceVersionDate "2012.06.22"]
[SourceQuality "1"]

1. e4 e6 2. d4 d5 3. exd5 exd5 4. Bd3 c5 5. Qe2+ Be7 6. dxc5 Nf6 7. c3 0-0 8. Be3 Re8 9. Nd2 Bxc5 10. h3 Nc6 11. Ngf3 Qb6 12. Nf1 Qa5 13. N1d2 Bxe3 14. fxe3 Qb6 15. Nf1 Ne4 16. 0-0-0 Bf5 17. g4 Bg6 18. h4 Rac8 19. h5 Nb4 20. hxg6 Nxa2+ 21. Kc2 Naxc3 22. Qh2 Nxd1+ 23. Kxd1 Qxg6 24. Ke2 f6 25. N1d2 h6 26. Qf4 Qf7 27. Nd4 Qc7 28. Qxc7 Rxc7 29. Nxe4 dxe4 30. Bb1 Re5 31. Ba2+ Kh7 32. Rd1 Kg6 33. Be6 Re7 34. Bg8 Kg5 35. Rg1 a6 36. Kf2 Kg6 37. Ne2 Rb5 38. Kg3 h5 39. gxh5+ Kh6 40. Nf4 Ree5 41. b3 Rg5+ 42. Kf2 Rxg1 43. Kxg1 f5 44. Kf2 Rc5 45. Bd5 b6 46. Kg3 Rc3 47. Kf2 b5 48. Bf7 a5 49. Ne2 Rc2 50. Ke1 a4 51. bxa4 bxa4 52. Nd4 Rc5 53. Kd2 a3 54. Nc2 Rc7 55. Be6 Ra7 56. Bxf5 a2 57. Bxe4 Kxh5 58. Kc1 a1Q+ 59. Nxa1 Rxa1+ 60. Kd2 Kg4 0-1

[Event "POR-chT"]
[Site "Torres Vedras"]
[Date "2011.07.30"]
[Round "8.6"]
[White "Guerreiro, Nuno M"]
[Black "Oliveira, Carlos Andre Ramalh"]
[Result "1/2-1/2"]
[WhiteElo "2070"]
[BlackElo "2189"]
[PlyCount "108"]
[EventDate "2011.07.23"]
[EventType "team-swiss"]
[EventRounds "9"]
[EventCountry "POR"]
[SourceTitle "CBM 143 Extra"]
[Source "ChessBase"]
[SourceDate "2011.08.29"]
[SourceVersion "1"]
[SourceVersionDate "2011.08.29"]
[SourceQuality "1"]
[WhiteTeam "Faro"]
[BlackTeam "Dias Ferreira"]
[WhiteTeamCountry "POR"]
[BlackTeamCountry "POR"]

1. e4 c6 2. d3 d5 3. Nd2 e5 4. g3 Nf6 5. Bg2 Bc5 6. Ngf3 dxe4 7. dxe4 0-0 8. 0-0 Re8 9. h3 b5 10. Qe2 Qb6 11. Rd1 a5 12. a4 Ba6 13. Qe1 Nbd7 14. Nb3 Bb4 15. c3 Bf8 16. axb5 Bxb5 17. Be3 Qc7 18. Nc1 Nxe4 19. Nxe5 Nxe5 20. Bxe4 Nc4 21. Bf4 Qc8 22. b3 Nb6 23. c4 f5 24. Qe3 Nd7 25. Qd4 Rxe4 26. Qxd7 Re1+ 27. Kg2 Rxd1 28. Qxd1 Ba6 29. Rxa5 c5 30. Kh2 Bb7 31. Rxa8 Bxa8 32. f3 Qc6 33. Kg2 Be7 34. h4 h6 35. h5 Qe8 36. Nd3 Qxh5 37. Ne5 Kh7 38. Qa1 Qe8 39. Qa7 Bd6 40. Qd7 Qf8 41. Ng6 Qf6 42. Qxd6 Qxg6 43. Qxg6+ Kxg6 44. Bd6 Kf6 45. Bxc5 g5 46. Kf2 Ke5 47. Ke3 f4+ 48. gxf4+ gxf4+ 49. Ke2 Bc6 50. Bf2 Be8 51. b4 Bf7 52. Kd3 Bg6+ 53. Ke2 Bf7 54. Kd3 Bg6+ 1/2-1/2

[Event "POR-chT"]
[Site "Torres Vedras"]
[Date "2011.07.27"]
[Round "5.2"]
[White "Oliveira, Carlos Andre Ramalh"]
[Black "Vassallo Barroche, Mauricio"]
[Result "0-1"]
[WhiteElo "2189"]
[BlackElo "2416"]
[PlyCount "78"]
[EventDate "2011.07.23"]
[EventType "team-swiss"]
[EventRounds "9"]
[EventCountry "POR"]
[SourceTitle "CBM 143 Extra"]
[Source "ChessBase"]
[SourceDate "2011.08.29"]
[SourceVersion "1"]
[SourceVersionDate "2011.08.29"]
[SourceQuality "1"]
[WhiteTeam "Dias Ferreira"]
[BlackTeam "Vale de Cambra"]
[WhiteTeamCountry "POR"]
[BlackTeamCountry "POR"]

1. d4 c5 2. d5 g6 3. c4 Bg7 4. e4 d6 5. Nc3 Nf6 6. Bd3 0-0 7. Nge2 e6 8. 0-0 exd5 9. exd5 a6 10. h3 Nbd7 11. f4 b5 12. cxb5 Nb6 13. bxa6 Bxa6 14. Bxa6 Rxa6 15. f5 Qa8 16. fxg6 hxg6 17. Nf4 Na4 18. Nfe2 Nb6 19. Nf4 Re8 20. Qf3 Nc4 21. Nd3 Qb7 22. Bg5 Nh7 23. Bf4 Nf6 24. Bg5 Nh7 25. Bf4 Rf8 26. Rab1 g5 27. Bxg5 Nxg5 28. Qg4 Bd4+ 29. Kh1 f6 30. Rfe1 Qg7 31. Nb5 Ne3 32. Qg3 Ne4 33. Nc7 Rxa2 34. Ne6 Kf7 35. Nxf8 Kxf8 36. Nf4 Kf7 37. Ra1 Nxg3+ 38. Kh2 Rxa1 39. Rxa1 Nef1+ 0-1

[Event "POR-chT"]
[Site "Torres Vedras"]
[Date "2011.07.24"]
[Round "2.7"]
[White "Oliveira, Carlos Andre Ramalh"]
[Black "Afonso, Sara Cerqueira"]
[Result "1-0"]
[WhiteElo "2189"]
[BlackElo "1743"]
[PlyCount "25"]
[EventDate "2011.07.23"]
[EventType "team-swiss"]
[EventRounds "9"]
[EventCountry "POR"]
[SourceTitle "CBM 143 Extra"]
[Source "ChessBase"]
[SourceDate "2011.08.29"]
[SourceVersion "1"]
[SourceVersionDate "2011.08.29"]
[SourceQuality "1"]
[WhiteTeam "Dias Ferreira"]
[BlackTeam "Palma e Arredores"]
[WhiteTeamCountry "POR"]
[BlackTeamCountry "POR"]

1. e4 e5 2. Nf3 Nc6 3. Bc4 Bc5 4. b4 Bxb4 5. c3 Ba5 6. d4 d5 7. exd5 Nce7 8. dxe5 Bb6 9. 0-0 Bg4 10. Qa4+ Qd7 11. Bb5 c6 12. e6 Qxd5 13. Qxg4 1-0

[Event "Portuguese Masters"]
[Site "Vila Nova de Gaia"]
[Date "2011.06.10"]
[Round "6"]
[White "Santos, Jose Pereira"]
[Black "Oliveira, Carlos Andre Ramalh"]
[Result "0-1"]
[WhiteElo "2285"]
[BlackElo "2174"]
[PlyCount "78"]
[EventDate "2011.06.05"]
[EventType "tourn"]
[EventRounds "9"]
[EventCountry "POR"]
[SourceTitle "CBM 142 Extra"]
[Source "ChessBase"]
[SourceDate "2011.06.27"]
[SourceVersion "1"]
[SourceVersionDate "2011.06.27"]
[SourceQuality "1"]

1. d4 Nf6 2. c4 c5 3. dxc5 e6 4. Nf3 Bxc5 5. Nc3 0-0 6. e3 Nc6 7. Be2 a6 8. 0-0 d5 9. cxd5 Nxd5 10. Bd2 Nf6 11. Qc2 Qe7 12. Rac1 Ba7 13. Rfd1 e5 14. Be1 Bg4 15. h3 Bh5 16. Nd5 Nxd5 17. Rxd5 Bg6 18. Qa4 e4 19. Nd2 b5 20. Qxa6 Nb4 21. Qxb5 Nxd5 22. Qxd5 Rfd8 23. Qc4 Bf5 24. Qc2 Rac8 25. Qb1 Qg5 26. Rxc8 Rxc8 27. Nxe4 Qg6 28. Bd3 Kh8 29. Bd2 Rd8 30. Kf1 h5 31. f3 Bxe4 32. Bxe4 Qa6+ 33. Ke1 Bc5 34. b4 Be7 35. b5 Qd6 36. Bc3 Qg3+ 37. Kf1 Qh2 38. f4 f5 39. Bc2 Bh4 0-1

[Event "Portuguese Masters"]
[Site "Vila Nova de Gaia"]
[Date "2011.06.09"]
[Round "5"]
[White "Oliveira, Carlos Andre Ramalh"]
[Black "Pintor, Ariana Maciel Abran"]
[Result "1-0"]
[WhiteElo "2174"]
[BlackElo "2119"]
[PlyCount "55"]
[EventDate "2011.06.05"]
[EventType "tourn"]
[EventRounds "9"]
[EventCountry "POR"]
[SourceTitle "CBM 142 Extra"]
[Source "ChessBase"]
[SourceDate "2011.06.27"]
[SourceVersion "1"]
[SourceVersionDate "2011.06.27"]
[SourceQuality "1"]

1. b3 Nf6 2. Bb2 d5 3. e3 c5 4. f4 Nc6 5. Nf3 g6 6. Bb5 Qb6 7. Bxc6+ bxc6 8. Be5 Bg7 9. c4 0-0 10. Qe2 Ba6 11. d3 Rfd8 12. 0-0 Bc8 13. Nc3 a5 14. Na4 Qa7 15. h3 h5 16. Qb2 Bf5 17. Rad1 dxc4 18. dxc4 Bd3 19. Rfe1 Rd7 20. Bc3 Rad8 21. Ne5 Rd6 22. Rxd3 Rxd3 23. Nxc6 Qd7 24. Nxd8 Qxd8 25. Nxc5 Rxc3 26. Qxc3 Ne4 27. Qd3 Nd6 28. Ne4 1-0

[Event "POR-chT 52nd"]
[Site "Vila Nova de Gaia"]
[Date "2010.07.28"]
[Round "5.5"]
[White "Cruz, Jorge Filipe Egas"]
[Black "Oliveira, Carlos Andre Ramalh"]
[Result "0-1"]
[WhiteElo "2114"]
[BlackElo "2150"]
[PlyCount "34"]
[EventDate "2010.07.24"]
[EventType "team-tourn"]
[EventRounds "9"]
[EventCountry "POR"]
[SourceTitle "EXT 2011"]
[Source "ChessBase"]
[SourceDate "2010.11.26"]
[SourceVersion "1"]
[SourceVersionDate "2010.11.26"]
[SourceQuality "1"]
[WhiteTeam "Montemor o Velho"]
[BlackTeam "Dias Ferreira"]
[WhiteTeamCountry "POR"]
[BlackTeamCountry "POR"]

1. e4 c6 2. d3 d5 3. Nd2 e5 4. Ngf3 Bd6 5. d4 exd4 6. exd5 cxd5 7. Nxd4 Ne7 8. Bd3 Nbc6 9. N2f3 0-0 10. 0-0 Ng6 11. c3 Nxd4 12. Nxd4 Qh4 13. Nf3 Qh5 14. h3 Bxh3 15. gxh3 Qxh3 16. Re1 Nh4 17. Nxh4 Bh2+ 0-1

[Event "Lisbon Mestres"]
[Site "Lisbon"]
[Date "2009.06.28"]
[Round "9"]
[White "Oliveira, Carlos Andre Ramalh"]
[Black "Marques, Rui Filipe Pereira"]
[Result "0-1"]
[WhiteElo "2165"]
[BlackElo "2158"]
[PlyCount "72"]
[EventDate "2009.06.20"]
[EventType "tourn"]
[EventRounds "9"]
[EventCountry "POR"]
[SourceTitle "EXT 2018"]
[Source "ChessBase"]
[SourceDate "2017.10.13"]
[SourceVersion "1"]
[SourceVersionDate "2017.10.13"]
[SourceQuality "1"]

1. e4 c5 2. Nf3 Nc6 3. d4 cxd4 4. Nxd4 g6 5. c4 Nf6 6. Nc3 d6 7. f3 Nxd4 8. Qxd4 Bg7 9. c5 0-0 10. cxd6 exd6 11. Qd3 Re8 12. Bg5 Qa5 13. Bd2 d5 14. Nxd5 Qxd5 15. Qxd5 Nxd5 16. Bb5 Re7 17. 0-0-0 a6 18. Ba4 b5 19. Bb3 Nf6 20. Bb4 Rc7+ 21. Kb1 Be6 22. Bxe6 fxe6 23. Ba5 Rc6 24. g4 Rac8 25. a3 Ne8 26. f4 Nd6 27. Rhe1 Nc4 28. Bc3 Bxc3 29. bxc3 Nxa3+ 30. Ka2 Nc2 31. Re2 Rxc3 32. Rd6 Nb4+ 33. Kb2 Nd3+ 34. Kb1 Rb3+ 35. Ka1 Ra3+ 36. Kb1 Rc1# 0-1

[Event "Lisbon Mestres"]
[Site "Lisbon"]
[Date "2009.06.26"]
[Round "7"]
[White "Oliveira, Carlos Andre Ramalh"]
[Black "Padeiro, Jose Joao Tato"]
[Result "0-1"]
[WhiteElo "2165"]
[BlackElo "2230"]
[PlyCount "58"]
[EventDate "2009.06.20"]
[EventType "tourn"]
[EventRounds "9"]
[EventCountry "POR"]
[SourceTitle "EXT 2018"]
[Source "ChessBase"]
[SourceDate "2017.10.13"]
[SourceVersion "1"]
[SourceVersionDate "2017.10.13"]
[SourceQuality "1"]

1. e4 c5 2. c3 Nf6 3. e5 Nd5 4. d4 cxd4 5. Nf3 e6 6. cxd4 d6 7. a3 Bd7 8. Bd3 Bc6 9. 0-0 Nd7 10. Qe2 Be7 11. b4 a6 12. Bb2 Nf4 13. Qe3 Nxd3 14. Qxd3 Bb5 15. Qe3 Bxf1 16. Kxf1 d5 17. Nbd2 0-0 18. g3 Rc8 19. h4 Nb6 20. Kg2 Rc2 21. Qb3 Qc8 22. Rh1 Nc4 23. Bc1 Nxe5 24. dxe5 Rxc1 25. Nf1 Qc3 26. Qa4 Qc2 27. Qd7 Qc7 28. Qa4 Rc8 29. Rh2 Qc6 0-1

[Event "Lisbon Mestres"]
[Site "Lisbon"]
[Date "2009.06.24"]
[Round "5"]
[White "Oliveira, Carlos Andre Ramalh"]
[Black "Pereira, Ruben Miguel Nunes"]
[Result "1-0"]
[WhiteElo "2165"]
[BlackElo "2422"]
[PlyCount "113"]
[EventDate "2009.06.20"]
[EventType "tourn"]
[EventRounds "9"]
[EventCountry "POR"]
[SourceTitle "EXT 2018"]
[Source "ChessBase"]
[SourceDate "2017.10.13"]
[SourceVersion "1"]
[SourceVersionDate "2017.10.13"]
[SourceQuality "1"]

1. d4 d5 2. c4 c6 3. Nf3 Nf6 4. Nc3 dxc4 5. a4 Bf5 6. e3 e6 7. Bxc4 Bb4 8. Qb3 Qb6 9. Bd2 Nbd7 10. 0-0 0-0 11. e4 Bxc3 12. exf5 Bxd2 13. fxe6 Qxb3 14. Bxb3 Bb4 15. exd7 Rad8 16. Rfd1 Rxd7 17. Ne5 Re7 18. Rd3 Rd8 19. Rad1 Nd5 20. g3 Kf8 21. Kf1 f6 22. Bxd5 cxd5 23. Rb3 Ba5 24. Ng4 a6 25. Rc1 Bd2 26. Rc2 Ba5 27. Ne3 b6 28. Rd3 g6 29. Rc6 Kf7 30. Nc2 b5 31. Rxa6 Bc7 32. axb5 Rb8 33. Rb3 Bb6 34. Nb4 Re6 35. Nc6 Rb7 36. Rxb6 Rxb6 37. Nd8+ Ke7 38. Nxe6 Kxe6 39. Ke2 Kd7 40. Kd2 f5 41. f4 h5 42. Kc3 Re6 43. Kb4 Re2 44. Kc5 Rxh2 45. Kxd5 Kc7 46. b6+ Kb7 47. Kc5 Rf2 48. d5 h4 49. gxh4 Rxf4 50. Re3 Rf2 51. Re7+ Kb8 52. d6 Rc2+ 53. Kd5 Rd2+ 54. Ke6 Rxb2 55. d7 Rxb6+ 56. Kf7 Kc7 57. Ke8 1-0

[Event "Lisbon Mestres"]
[Site "Lisbon"]
[Date "2009.06.23"]
[Round "4"]
[White "Cordovil, Joao Maria"]
[Black "Oliveira, Carlos Andre Ramalh"]
[Result "1-0"]
[WhiteElo "2237"]
[BlackElo "2165"]
[PlyCount "101"]
[EventDate "2009.06.20"]
[EventType "tourn"]
[EventRounds "9"]
[EventCountry "POR"]
[SourceTitle "EXT 2018"]
[Source "ChessBase"]
[SourceDate "2017.10.13"]
[SourceVersion "1"]
[SourceVersionDate "2017.10.13"]
[SourceQuality "1"]

1. e4 a6 2. d4 e6 3. Nc3 c5 4. Nf3 cxd4 5. Nxd4 d6 6. g3 Qc7 7. Bg2 Nf6 8. 0-0 Be7 9. a4 0-0 10. Be3 e5 11. Nde2 Nc6 12. h3 Na5 13. b3 Rb8 14. g4 Be6 15. Qd2 b5 16. axb5 axb5 17. Nd5 Bxd5 18. exd5 b4 19. Ra4 Rfc8 20. Rfa1 Nb7 21. Ba7 Ra8 22. Qxb4 Nd7 23. c4 Nbc5 24. Bxc5 Rxa4 25. Rxa4 Nxc5 26. Ra3 Rb8 27. Qc3 Qb6 28. Nc1 h6 29. Ra1 Bg5 30. Rb1 Bxc1 31. Qxc1 Qb4 32. Qe3 Ra8 33. Be4 Ra3 34. Bc2 Ra2 35. Bd1 Rd2 36. Ra1 Kh7 37. Qf3 Qb7 38. b4 Na6 39. Bc2+ Kg8 40. Qc3 Rd4 41. Qa3 Nc7 42. Bd3 g6 43. b5 Qb6 44. Bf1 Ne8 45. Qa7 Qd8 46. Qa8 Qe7 47. Ra7 Qf8 48. Qd8 Rd2 49. Ra8 Qg7 50. Qxe8+ Kh7 51. Ra7 1-0

[Event "POR-chT2 final"]
[Site "Evora"]
[Date "2008.08.02"]
[Round "1.1"]
[White "Oliveira, Carlos Andre Ramalh"]
[Black "Cross, Dominic"]
[Result "1-0"]
[WhiteElo "2106"]
[BlackElo "1915"]
[PlyCount "91"]
[EventDate "2008.08.02"]
[EventType "team-tourn"]
[EventRounds "3"]
[EventCountry "POR"]
[SourceTitle "EXT 2018"]
[Source "ChessBase"]
[SourceDate "2017.10.13"]
[SourceVersion "1"]
[SourceVersionDate "2017.10.13"]
[SourceQuality "1"]
[WhiteTeam "Dias Ferreira"]
[BlackTeam "Coimbra II"]
[WhiteTeamCountry "POR"]
[BlackTeamCountry "POR"]

1. d4 d5 2. c4 c6 3. Nf3 Nf6 4. g3 Bf5 5. Bg2 e6 6. 0-0 Bd6 7. Nc3 Nbd7 8. Nh4 Bg4 9. Qc2 h6 10. e4 dxe4 11. Nxe4 Nxe4 12. Qxe4 Nf6 13. Qc2 g5 14. Nf3 Bf5 15. Qb3 Qb6 16. Qa4 Qb4 17. Qxb4 Bxb4 18. Ne5 Be4 19. a3 Bxg2 20. Kxg2 Be7 21. Be3 Nd7 22. Nxd7 Kxd7 23. Rad1 Kc7 24. f4 f6 25. f5 Kd7 26. fxe6+ Kxe6 27. d5+ cxd5 28. cxd5+ Kd7 29. Bd4 Rhf8 30. g4 a6 31. Rf5 Rf7 32. Rdf1 Raf8 33. R1f3 Kd6 34. Rb3 Bd8 35. Rc3 Kd7 36. Rb3 Kd6 37. Re3 Kd7 38. Kf3 Re8 39. Rxe8 Kxe8 40. Ke4 Re7+ 41. Kd3 Rf7 42. b4 Kd7 43. Bc5 Bc7 44. h3 Bd6 45. Rf3 Bf4 46. Ke4 1-0

[Event "Guimaraes op"]
[Site "Guimaraes"]
[Date "2007.09.04"]
[Round "1"]
[White "Oliveira, Carlos Andre Ramalh"]
[Black "Silva, Claudio Rafael More"]
[Result "1/2-1/2"]
[WhiteElo "2125"]
[BlackElo "1557"]
[PlyCount "117"]
[EventDate "2007.09.04"]
[EventType "swiss"]
[EventRounds "7"]
[EventCountry "POR"]
[SourceTitle "EXT 2009"]
[Source "ChessBase"]
[SourceDate "2008.11.26"]
[SourceVersion "1"]
[SourceVersionDate "2008.11.26"]
[SourceQuality "1"]

1. e4 d6 2. d4 Nf6 3. Nc3 g6 4. f4 Bg7 5. Nf3 Bg4 6. h3 Bxf3 7. Qxf3 0-0 8. e5 dxe5 9. fxe5 Ne8 10. Qxb7 Nd7 11. Bc4 Nb6 12. Bb3 Qxd4 13. e6 Qh4+ 14. Ke2 Qh5+ 15. g4 Qe5+ 16. Be3 fxe6 17. Qe4 Qxe4 18. Nxe4 Bxb2 19. Rab1 Be5 20. Bxe6+ Kg7 21. Nc5 Nd6 22. Bb3 Kh8 23. Ne6 Rfc8 24. Rhf1 Ne4 25. Kd3 Nd6 26. c4 Nd7 27. c5 Nb5 28. Rf7 Bf6 29. Bf4 g5 30. Bg3 c6 31. h4 gxh4 32. Ke3 hxg3 33. Rh1 g2 34. Rfxh7+ Kg8 35. Nc7+ Kf8 36. Rf7+ Kg8 37. Rxe7+ Kf8 38. Rf7+ Kg8 39. Rxd7+ Kf8 40. Rf7+ Kg8 41. Rg1 Bd4+ 42. Kf4 Bxg1 43. Rf5+ Kh8 44. Rh5+ Kg7 45. Ne6+ Kf6 46. g5+ Ke7 47. Rh7+ Ke8 48. Bc2 Be3+ 49. Ke5 Bd4+ 50. Nxd4 Nxd4 51. Bg6+ Kd8 52. Kd6 Nb5+ 53. Ke6 Nc7+ 54. Kd6 Nb5+ 55. Ke6 Nd4+ 56. Kd6 Nb5+ 57. Ke6 Nc7+ 58. Kd6 Ne8+ 59. Ke6 1/2-1/2

[Event "POR-ch U20"]
[Site "Sao Pedro do Sul"]
[Date "2007.04.05"]
[Round "7"]
[White "Oliveira, Carlos Andre Ramalh"]
[Black "Castro, Henrique Manuel Fer"]
[Result "1/2-1/2"]
[WhiteElo "2066"]
[BlackElo "2204"]
[PlyCount "36"]
[EventDate "2007.03.31"]
[EventType "swiss"]
[EventRounds "7"]
[EventCountry "POR"]
[SourceTitle "EXT 2024"]
[Source "ChessBase"]
[SourceDate "2023.10.10"]
[SourceVersion "1"]
[SourceVersionDate "2023.10.10"]
[SourceQuality "1"]

1. d4 Nf6 2. c4 e6 3. Nf3 Bb4+ 4. Bd2 Qe7 5. a3 Bxd2+ 6. Nbxd2 d6 7. e4 e5 8. d5 a5 9. b4 axb4 10. axb4 Rxa1 11. Qxa1 0-0 12. g3 Nh5 13. Bg2 f5 14. 0-0 Na6 15. Qc3 Nf6 16. exf5 Bxf5 17. Nh4 g6 18. Re1 Qe8 1/2-1/2

[Event "POR-ch U20"]
[Site "Sao Pedro do Sul"]
[Date "2007.04.03"]
[Round "5"]
[White "Oliveira, Carlos Andre Ramalh"]
[Black "Pereira, Antonio Pedro Caram"]
[Result "1-0"]
[WhiteElo "2066"]
[BlackElo "1989"]
[PlyCount "52"]
[EventDate "2007.03.31"]
[EventType "swiss"]
[EventRounds "7"]
[EventCountry "POR"]
[SourceTitle "EXT 2024"]
[Source "ChessBase"]
[SourceDate "2023.10.10"]
[SourceVersion "1"]
[SourceVersionDate "2023.10.10"]
[SourceQuality "1"]

1. d4 Nf6 2. c4 g6 3. Nc3 d5 4. cxd5 Nxd5 5. e4 Nxc3 6. bxc3 Bg7 7. Bc4 c5 8. Ne2 0-0 9. 0-0 Qa5 10. h3 Rd8 11. Qb3 e6 12. Bg5 Re8 13. Be3 a6 14. a4 Nc6 15. dxc5 Ne5 16. f4 Nxc4 17. Qxc4 Bd7 18. Rfd1 Qc7 19. e5 Rac8 20. Qb4 Bf8 21. Qb6 Bc6 22. c4 Be4 23. Nc3 Bc2 24. Qxc7 Rxc7 25. Rd2 Bb3 26. Ne4 Bxc4 1-0

[Event "POR-chB"]
[Site "Vila Real"]
[Date "2005.08.06"]
[Round "4"]
[White "Castro, Henrique Manuel Fer"]
[Black "Oliveira, Carlos Andre Ramalh"]
[Result "0-1"]
[WhiteElo "2105"]
[BlackElo "2059"]
[PlyCount "124"]
[EventDate "2005.08.03"]
[EventType "swiss"]
[EventRounds "9"]
[EventCountry "POR"]
[SourceTitle "CBM 107 Extra"]
[Source "ChessBase"]
[SourceDate "2005.09.01"]
[SourceVersion "1"]
[SourceVersionDate "2005.09.01"]
[SourceQuality "1"]

1. Nf3 Nf6 2. d3 d5 3. Nbd2 b6 4. c3 Bb7 5. Qc2 Nbd7 6. e4 dxe4 7. dxe4 e5 8. Bc4 Bd6 9. 0-0 0-0 10. Re1 a5 11. Nf1 Nc5 12. Ng3 Qd7 13. Bg5 Ng4 14. h3 h6 15. Bh4 g5 16. Nf5 Bxe4 17. Rxe4 Qxf5 18. Bd5 Nf6 19. Bxa8 Rxa8 20. Re2 Qxc2 21. Rxc2 gxh4 22. Nxh4 Kh7 23. Rd1 Rg8 24. Nf5 Nce4 25. Nxd6 Nxd6 26. c4 Nd7 27. b3 Nc5 28. f3 f5 29. Rd5 e4 30. fxe4 fxe4 31. Re5 Nd3 32. Re7+ Rg7 33. Rxg7+ Kxg7 34. g4 Kf6 35. h4 Nf7 36. Kf1 Ke5 37. Rg2 Nf4 38. Rd2 Nd6 39. Kf2 Nd3+ 40. Ke3 h5 41. Rg2 hxg4 42. Rxg4 Nf5+ 43. Kd2 Nf4 44. Rg8 Nxh4 45. Re8+ Ne6 46. a3 Nf5 47. c5 bxc5 48. Ra8 Kd4 49. Rxa5 e3+ 50. Kc2 Ke4 51. b4 Nfd4+ 52. Kc3 e2 53. Kd2 Nb3+ 54. Kxe2 Ned4+ 55. Kd1 Nxa5 56. bxa5 Nb5 57. Kc2 Kd4 58. Kb3 c4+ 59. Kb4 c3 60. Kxb5 c2 61. a6 c1Q 62. a7 Qc5+ 0-1

[Event "POR-chB"]
[Site "Vila Real"]
[Date "2005.08.05"]
[Round "3"]
[White "Oliveira, Carlos Andre Ramalh"]
[Black "Costa, Paulo Jorge Lopes"]
[Result "1-0"]
[WhiteElo "2059"]
[BlackElo "2215"]
[PlyCount "117"]
[EventDate "2005.08.03"]
[EventType "swiss"]
[EventRounds "9"]
[EventCountry "POR"]
[SourceTitle "CBM 107 Extra"]
[Source "ChessBase"]
[SourceDate "2005.09.01"]
[SourceVersion "1"]
[SourceVersionDate "2005.09.01"]
[SourceQuality "1"]

1. b3 b6 2. Bb2 Bb7 3. e3 e6 4. Nf3 f5 5. Be2 Nf6 6. c4 g6 7. Qc2 Bg7 8. 0-0 0-0 9. Nc3 d6 10. Rfd1 e5 11. d4 e4 12. Ng5 Qe7 13. Nh3 Bh6 14. d5 a6 15. Nf4 Ne8 16. Ne6 Rf7 17. b4 Nd7 18. Na4 Nf8 19. c5 dxc5 20. bxc5 b5 21. c6 Bc8 22. Qc3 Rf6 23. Ba3 Nd6 24. Bxd6 cxd6 25. Nb6 Rb8 26. Nxc8 Rxc8 27. Nxf8 Rfxf8 28. Qa5 f4 29. exf4 Bxf4 30. Bg4 Rc7 31. Be6+ Kg7 32. Rab1 e3 33. Qc3+ Qf6 34. Qxf6+ Rxf6 35. Bg4 exf2+ 36. Kf1 Be3 37. a4 Rf4 38. axb5 axb5 39. Rb3 Bc5 40. Rxb5 Rff7 41. Rxc5 dxc5 42. d6 Rxc6 43. d7 Rxd7 44. Rxd7+ Kh6 45. Bf3 Rf6 46. Rd5 c4 47. Rc5 Ra6 48. Rxc4 Ra2 49. Re4 Kg5 50. Re2 Ra5 51. Kxf2 h5 52. Rd2 Ra6 53. Rd5+ Kf6 54. Rc5 Ra4 55. Ke3 Rb4 56. Be4 Rb3+ 57. Bd3 Rb6 58. Be4 Rb3+ 59. Kf4 1-0